North America Map Quiz - Biggest cities - Statistics

General Stats
  • This quiz has been taken 23 times
  • The average score is 16 of 23
Answers on the Map
Answers color-coded by a green-red scale on the quiz's map according to % correct below.
 
Answer Stats
Answer % Correct
Toronto
100%
Mexico City
94%
New York City
94%
Guatemala City
88%
Belize City
81%
Havana
81%
Panama City
81%
San Jose
81%
Managua
75%
Port-au-Prince
75%
Port of Spain
75%
San Salvador
75%
Bridgetown
69%
Kingston
69%
Nassau
69%
Santo Domingo
69%
San Pedro Sula
63%
Roseau
50%
Castries
44%
Saint John’s
44%
Kingstown
38%
Saint George’s
38%
Basseterre
31%
No matching quizzes found
Score Distribution
Percent of People with Each Score
Percentile by Number Answered
Your Score History
You have not taken this quiz